Produccion Parcelaria y Universio Ideologico : (Record no. 3367)

000 -CABECERA
fixed length control field 00933nam a22002177a 4500
003 - IDENTIFICADOR DEL NÚMERO DE CONTROL
control field AR-CdUCM
008 - DATOS DE LONGITUD FIJA--INFORMACIÓN GENERAL
fixed length control field 190306b ||||| |||| 00| 0 spa d
040 ## - FUENTE DE LA CATALOGACIÓN
Agencia/entidad que catalogó originalmente la obra MUNICIPALIDAD PROVINCIAL DEL CUSCO
Entidad que transcribió la catalogación BIBLIOTECA MUNICIPAL DEL CUSCO
082 ## - NÚMERO DE LA CLASIFICACIÓN DECIMAL DEWEY
No. de Clasificación 333 /
Notacion interna M77
100 ## - ENTRADA PRINCIPAL--NOMBRE DE PERSONA
Nombre Personal Montoya, Rodrigo
245 ## - MENCIÓN DE TÍTULO
Título Produccion Parcelaria y Universio Ideologico :
Resto del título El Caso de Puquio /
Mención de responsabilidad Silveria, María José ; Lindoso, Felipe José
260 ## - PUBLICACIÓN, DISTRIBUCIÓN, ETC.
Lugar de publicación, distribución, etc. Lima :
Nombre de la editorial, distribuidor, etc. Mosca Azul Editores ,
Fecha de publicación, distribución, etc. 1979.
300 ## - DESCRIPCIÓN FÍSICA
Nº de Páginas Extensión 266 páginas ;
Dimensiones 20.5 cm.
505 ## - NOTA DE CONTENIDO CON FORMATO
Nota de contenido formateada Contenido: Estructura Productiva -- Universo Ideologico -- La Insitucion Comunal : Sus Bases, Desestructuración, Potencialidad y Limites -- Problema Agrario y Reforma Agraria en Puquio...
650 ## - PUNTO DE ACCESO ADICIONAL DE MATERIA--TÉRMINO DE MATERIA
Descriptor Reforma Agraria Peruana
9 (RLIN) 11146
650 ## - PUNTO DE ACCESO ADICIONAL DE MATERIA--TÉRMINO DE MATERIA
Descriptor Instituciones Comunales
9 (RLIN) 11147
650 ## - PUNTO DE ACCESO ADICIONAL DE MATERIA--TÉRMINO DE MATERIA
Descriptor Problema Agrario
9 (RLIN) 11148
650 ## - PUNTO DE ACCESO ADICIONAL DE MATERIA--TÉRMINO DE MATERIA
Descriptor Estructura Productiva
9 (RLIN) 5885
942 ## - ELEMENTOS DE PUNTO DE ACCESO ADICIONAL (KOHA)
Fuente de clasificación
Tipo de item Libros-BMC
945 ## - PROCESAMIENTO DE INFORMACIÓN LOCAL (OCLC)
Catalogador rtm
Holdings
Estado de retiro (separado) Fuente de clasificación o esquema de estanterías Estado dañado Ubicación Sala donde se ubica Nombre de la colección Fecha de adquisición o compra Costo, precio normal en soles Signatura topográfica Código de Barras Última vez visto (Koha) Tipo de ítem (Koha)
No     Sala Humanidades Sala Humanidades Book Cart 2019-03-06 50.00 333 / M77 SH0000003785 2019-03-06 Libros-BMC
No     Sala Humanidades Sala Humanidades Book Cart 2019-03-11 50.00 333 / M77 / e.2 SH0000005298 2019-03-11 Libros-BMC

Powered by Koha